Die Versammlung deutscher Historiker in Reval/ Tallinn am 10. und 11. April 1933
| Titel: | Die Versammlung deutscher Historiker in Reval/ Tallinn am 10. und 11. April 1933 : Ergebnis und Wirkungen |
|---|---|
| Verfasser: | |
| In: |
Zwischen Konfrontation und Kompromiss, (1995), Seite 171-183 alle Artikel anzeigen |
| Veröffentlicht: | 1995 |
| Format: | Aufsatz |
| Sprache: | Deutsch |
X
alg: 39296137 001A $01999:11-11-16 001B $01999:12-03-21 $t19:07:37.000 001D $01999:11-11-16 001U $0utf8 001X $00 002@ $0Aox 003@ $0392961377 007A $0392961377 $aHEB 007T $0Herde05396 010@ $ager 011@ $a1995 021A $aDie @Versammlung deutscher Historiker in Reval/ Tallinn am 10. und 11. April 1933 $dErgebnis und Wirkungen 028A $aJürjo $dIndrek 031A $h171-183 $j1995 039B $aIn $8--Aau--. Zwischen Konfrontation und Kompromiss. - München : Oldenbourg, 1995. - 263 S.. - ISBN 3-486-56047-6 $x199500000000000829 $9050523201 045F $a907.2094798 $eDDC23BSB 045F/01 $a907.2 045F/03 $g4798 lok: 39296137 78 exp: 39296137 78 1 #EPN 201B/01 $021-11-17 $t23:07:56.000 201U/01 $0utf8 203@/01 $0789071673 208@/01 $a11-11-16 $be 209A/01 $a/ $f000 $x00 220C/01 $aTitelaufnehmer: pk 220C/01 $aHerkunft: Baltische Bibliographie / P. Kaegbein 244Z/01 $2Trx $#Estija $#Igaunija $#Estland $#Estonia $#Estonia $#Estónsko $#Estonsko $8--Trx--Eesti $x01 $9391237225 244Z/01 $#Tallinn $#Tallin $#Reval $#Reval Tallinn $75093293-7 $8--Tg1--Tallinn $x02 $9045056455 244Z/01 $aGeschichte 1933 $x03 244Z/01 $2Trx $#ajaloolased $#istorikai $#historians $#történészek $#historycy $#historici $#historici $8--Trx--Historiker $x04 $9391373544 244Z/01 $2Trx $#historiograafia, Baltisaksa $#Pabaltijo vokiečių istoriografija $#historiography, Baltic-German $#történettudomány, balti-német $#historiografia niemieckobałtycka $#historigrafia nemecko-pobaltská $#historiografie německobaltická $8--Trx--Historiographie, deutschbaltische $x05 $9391359452 244Z/01 $2Trx $8--Trx--Einzelbeiträge $x06 $9391384570 245Z/01 $a01.04 $x01 247C/01 $82080>Marburg/Lahn, Herder-Institut, Forschungsbibliothek, Bibliographieportal $9336309341
| LEADER | 00000caa a22000002c 4500 | ||
|---|---|---|---|
| 001 | 392961377 | ||
| 003 | DE-603 | ||
| 005 | 20210312190737.0 | ||
| 007 | tu | ||
| 008 | 161111s1995 xx |||| | u00||u|ger c | ||
| 035 | |a (DE-599)HEB392961377 | ||
| 040 | |a DE-603 |b ger |c DE-603 |d DE-603 | ||
| 041 | |a ger | ||
| 082 | 0 | 4 | |8 1\u |a 907.2094798 |q DE-101 |2 23/BSB |
| 085 | |8 1\u |b 907.2 | ||
| 085 | |8 1\u |z 2 |s 4798 | ||
| 100 | 1 | |a Jürjo, Indrek | |
| 245 | 0 | 0 | |a Die Versammlung deutscher Historiker in Reval/ Tallinn am 10. und 11. April 1933 |b Ergebnis und Wirkungen |
| 264 | 0 | |c 1995 | |
| 773 | 0 | 8 | |i In |t Zwischen Konfrontation und Kompromiss |d München : Oldenbourg, 1995 |h 263 S. |z 3486560476 |g (1995), Seite 171-183 |w (DE-603)050523201 |
| 924 | 0 | |9 2080 |a (DE-603)789071673 |b DE-2080 |c HES |d d |g / | |


